[Event "USCL Week 8"]
[Site "Internet Chess Club"]
[Date "2011.10.17"]
[Round "?"]
[White "Gershenov, Ben"]
[Black "Fisher, William"]
[Result "1/2-1/2"]
[WhiteElo "2279"]
[BlackElo "2369"]
[PlyCount "103"]
[EventDate "2011.??.??"]

1. c4 Nf6 2. g3 g6 3. Bg2 Bg7 4. Nc3 O-O 5. d4 d6 6. Nf3 Nc6 7. O-O Rb8 8. h3
Re8 9. d5 Na5 10. Qd3 c6 11. b4 Bf5 12. e4 Nxe4 13. Nxe4 Bxa1 14. bxa5 Qxa5 15.
Nh4 Bxe4 16. Bxe4 cxd5 17. cxd5 Qxa2 18. Ng2 a5 19. h4 a4 20. h5 Kg7 21. hxg6
hxg6 22. Bxg6 Qb3 23. Qe4 Qc3 24. Bxf7 Kxf7 25. Qe6+ Kg7 26. Nf4 Qc2 27. Kg2
Be5 28. Nh5+ Kh8 29. Nf6 Bxf6 30. Rh1+ Qh7 31. Rxh7+ Kxh7 32. Qf5+ Kg7 33. Qg4+
Kf7 34. Qh5+ Kg7 35. Qh6+ Kg8 36. g4 Bg7 37. Qe6+ Kh8 38. g5 Rec8 39. Be3 b5
40. g6 Rc4 41. Qh3+ Kg8 42. Qh7+ Kf8 43. Bh6 Rg4+ 44. Kf3 Rxg6 45. Qxg6 Bxh6
46. Qxh6+ Kf7 47. Ke4 Rg8 48. Kf5 Ke8 49. Qc1 Rf8+ 50. Kg6 Rf6+ 51. Kg5 Rxf2
52. Qc6+ 1/2-1/2

[Event "USCL Week 8"]
[Site "Internet Chess Club"]
[Date "2011.10.17"]
[Round "?"]
[White "Bonin, Jay"]
[Black "Pressman, Leif"]
[Result "1-0"]
[WhiteElo "2438"]
[BlackElo "2381"]
[PlyCount "85"]
[EventDate "2011.??.??"]

1. d4 Nf6 2. Nf3 g6 3. c4 Bg7 4. Nc3 O-O 5. e4 d6 6. Be2 e5 7. dxe5 dxe5 8.
Qxd8 Rxd8 9. Bg5 Na6 10. Nd5 Rd6 11. Bxf6 Bxf6 12. b4 c6 13. Nxf6+ Rxf6 14. a3
Bg4 15. Rd1 Bxf3 16. Bxf3 Re6 17. Rd7 Rb8 18. Ke2 Kf8 19. Rhd1 Re7 20. Bg4 Rbe8
21. Rxe7 Rxe7 22. Rd8+ Re8 23. Rxe8+ Kxe8 24. Bc8 Nc7 25. Bxb7 Kd7 26. a4 Ne6
27. b5 cxb5 28. axb5 Nf4+ 29. Kf3 Kd6 30. Bd5 f6 31. g3 Nd3 32. Bg8 h6 33. Bh7
g5 34. Kg4 Nxf2+ 35. Kf5 Kc5 36. Kxf6 Kd4 37. Bf5 Nd3 38. Kg6 Nc5 39. Kxh6 Nxe4
40. Bxe4 Kxe4 41. c5 Kd5 42. c6 Kd6 43. Kxg5 1-0

[Event "USCL Week 8"]
[Site "Internet Chess Club"]
[Date "2011.10.17"]
[Round "?"]
[White "Schroer, Jonathan"]
[Black "Sammour-Hasbun, Jorge"]
[Result "0-1"]
[WhiteElo "2435"]
[BlackElo "2604"]
[PlyCount "50"]
[EventDate "2011.??.??"]

1. d4 Nf6 2. c4 e6 3. Nf3 d5 4. g3 dxc4 5. Qa4+ Nbd7 6. Bg2 a6 7. Qxc4 c5 8.
O-O b5 9. Qd3 Bb7 10. a4 cxd4 11. axb5 axb5 12. Rxa8 Qxa8 13. Qxb5 Be7 14. b3
O-O 15. Qa4 e5 16. Qxa8 Rxa8 17. Nbd2 Ra2 18. Nc4 Ba6 19. Nfd2 Bb4 20. Rd1 Nc5
21. Nxe5 Bxe2 22. Nc6 Bc3 23. Re1 d3 24. b4 Ncd7 25. Ne7+ Kf8 0-1

[Event "USCL Week 8"]
[Site "Internet Chess Club"]
[Date "2011.10.17"]
[Round "?"]
[White "Griego, David"]
[Black "Korley, Kassa"]
[Result "1-0"]
[WhiteElo "2494"]
[BlackElo "2368"]
[PlyCount "67"]
[EventDate "2011.??.??"]

1. e4 e5 2. Nf3 Nc6 3. Bb5 a6 4. Ba4 Nf6 5. O-O Be7 6. Re1 b5 7. Bb3 O-O 8. d4
Nxd4 9. Nxd4 exd4 10. e5 Ne8 11. c3 Bb7 12. cxd4 d6 13. Nc3 dxe5 14. dxe5 c5
15. Qg4 c4 16. Bc2 Nc7 17. Bh6 Ne6 18. Rad1 Qc7 19. Bf5 Bc5 20. Bxe6 fxe6 21.
Qxe6+ Qf7 22. Qxf7+ Kxf7 23. e6+ Kg6 24. Be3 Bb4 25. a3 Ba5 26. Rd7 Bc6 27. Rd6
Rfc8 28. Bd4 Bc7 29. Rxc6 Bxh2+ 30. Kxh2 Rxc6 31. Nd5 Re8 32. Re5 Kh6 33. Be3+
Kg6 34. Rg5+ 1-0

[Event "USCL Week 8"]
[Site "Internet Chess Club"]
[Date "2011.10.17"]
[Round "?"]
[White "Simpson, Ron"]
[Black "van de Mortel, Jan"]
[Result "1/2-1/2"]
[WhiteElo "2317"]
[BlackElo "2499"]
[PlyCount "142"]
[EventDate "2011.??.??"]

1. c4 g6 2. Nc3 Bg7 3. g3 d6 4. Bg2 e5 5. d3 f5 6. e4 Nf6 7. exf5 gxf5 8. Bg5
c6 9. Nge2 h6 10. Bh4 O-O 11. O-O Be6 12. Qa4 Nbd7 13. Rad1 Qe8 14. Qb4 Nc5 15.
b3 a5 16. Qa3 Qh5 17. f3 a4 18. Qb2 axb3 19. axb3 Qf7 20. d4 Ncd7 21. Qd2 Qe8
22. Bh3 Qh5 23. Qc2 Nb6 24. Qc1 Bd7 25. Bg2 Rae8 26. Qa3 Nc8 27. Qb4 exd4 28.
Nf4 Qf7 29. Na4 b5 30. cxb5 cxb5 31. Nb2 Nd5 32. Nxd5 Qxd5 33. Nd3 f4 34. Nxf4
Rxf4 35. gxf4 d3 36. Rfe1 Rxe1+ 37. Bxe1 Ne7 38. Qe4 Qf7 39. Rxd3 d5 40. Qb4
Nf5 41. Qd2 d4 42. Bf2 Be6 43. Qa5 Bxb3 44. Qxb5 Bc4 45. Qb8+ Kh7 46. Ra3 Qe7
47. Ra7 Qe2 48. Qe5 Qd1+ 49. Be1 Kg6 50. Qe4 d3 51. Rd7 Bc3 52. Qe8+ Kf6 53.
Qh8+ Ke6 54. Qxc3 Kxd7 55. Bh3 Be6 56. Bf1 Qxf3 57. Qxd3+ Qxd3 58. Bxd3 Ke7 59.
Bb4+ Kf6 60. Bc3+ Kg6 61. Kg2 h5 62. Be4 Bd5 63. Kf3 Bxe4+ 64. Kxe4 Nh4 65. Be1
Nf5 66. Ke5 Nh6 67. Ke6 Nf5 68. Bc3 Nh6 69. Bf6 Nf5 70. Ke5 Nh6 71. Be7 Nf5
1/2-1/2

[Event "USCL Week 8"]
[Site "Internet Chess Club"]
[Date "2011.10.17"]
[Round "?"]
[White "Sinanan, Joshua"]
[Black "Abrahamyan, Tatev"]
[Result "0-1"]
[WhiteElo "2288"]
[BlackElo "2415"]
[PlyCount "68"]
[EventDate "2011.??.??"]

1. d4 Nf6 2. c4 g6 3. g3 Bg7 4. Bg2 O-O 5. Nc3 d6 6. Nf3 Nc6 7. O-O a6 8. Qd3
e5 9. dxe5 dxe5 10. Qxd8 Rxd8 11. Bg5 Be6 12. Nd2 h6 13. Bxf6 Bxf6 14. Nde4 Be7
15. Nd5 Bxd5 16. cxd5 Nb4 17. Nc3 a5 18. Rac1 Bd6 19. a3 Na6 20. Nb5 a4 21. Rc4
Nc5 22. f4 exf4 23. Nxd6 cxd6 24. Rcxf4 Rd7 25. Rf6 Rad8 26. h4 h5 27. R1f4 Re7
28. Bf3 Kg7 29. Kf2 Na6 30. g4 hxg4 31. Bxg4 Nc7 32. e4 Ne8 33. e5 dxe5 34. d6
Nxd6 0-1

[Event "USCL Week 8"]
[Site "Internet Chess Club"]
[Date "2011.10.17"]
[Round "?"]
[White "Orlov, Georgi"]
[Black "Matikozyan, Andranik"]
[Result "1/2-1/2"]
[WhiteElo "2541"]
[BlackElo "2505"]
[PlyCount "114"]
[EventDate "2011.??.??"]

1. d4 Nf6 2. c4 g6 3. Nc3 Bg7 4. e4 d6 5. Bd3 O-O 6. Nge2 c5 7. d5 e6 8. O-O
exd5 9. cxd5 Re8 10. h3 Na6 11. Bg5 Nc7 12. f4 Rb8 13. Ng3 h6 14. Bh4 b5 15. e5
dxe5 16. fxe5 Rxe5 17. Nge4 Bf5 18. Nxf6+ Bxf6 19. Bg3 Bxd3 20. Rxf6 Qxf6 21.
Qxd3 Rd8 22. Rf1 Qe7 23. Bxe5 Qxe5 24. Nxb5 Nxb5 25. Qxb5 Qxd5 26. b3 Qd4+ 27.
Kh1 Qd3 28. Qxd3 Rxd3 29. Rf6 a5 30. Ra6 c4 31. Rxa5 cxb3 32. axb3 Rxb3 33. Kg1
Rb2 34. Kh2 h5 35. Kg3 Kg7 36. h4 Rb3+ 37. Kf4 Rb4+ 38. Kg3 Kf6 39. Kh3 Re4 40.
Kg3 Re5 41. Ra7 Ke6 42. Kf4 Rd5 43. Ra6+ Rd6 44. Ra4 Rb6 45. g3 Rb5 46. Ra6+
Ke7 47. Ra7+ Kf6 48. Ra6+ Kg7 49. Ke4 Rf5 50. Ke3 f6 51. Ra8 g5 52. hxg5 fxg5
53. Ke4 Rf6 54. Rb8 g4 55. Ra8 Kh6 56. Ra5 Kg6 57. Rb5 Ra6 1/2-1/2

[Event "USCL Week 8"]
[Site "Internet Chess Club"]
[Date "2011.10.17"]
[Round "?"]
[White "Kavutskiy, Konstantin"]
[Black "Feng, Roland"]
[Result "1-0"]
[WhiteElo "2277"]
[BlackElo "2074"]
[PlyCount "119"]
[EventDate "2011.??.??"]

1. d4 Nf6 2. c4 g6 3. Nc3 Bg7 4. Nf3 O-O 5. Bg5 h6 6. Bh4 d6 7. e3 g5 8. Bg3
Nh5 9. Be2 Nc6 10. d5 Nb4 11. a3 Na6 12. Qc2 Nc5 13. Nxg5 hxg5 14. Bxh5 f5 15.
Be2 e5 16. b4 Nd7 17. f3 f4 18. Bf2 e4 19. O-O exf3 20. gxf3 Ne5 21. exf4 gxf4
22. Kh1 Bf5 23. Ne4 Ng6 24. Rae1 Be5 25. Rg1 Kg7 26. Bd3 Kh6 27. Nc5 Bxd3 28.
Qxd3 Rg8 29. Ne6 Qf6 30. Qf1 Qf5 31. Rg5 Qxg5 32. Nxg5 Kxg5 33. Qh3 Rae8 34.
Rg1+ Kf6 35. Bh4+ Nxh4 36. Qxh4+ Kf7 37. Qh7+ Rg7 38. Rxg7+ Bxg7 39. Qf5+ Bf6
40. Qxf4 Re5 41. Kg2 Ke7 42. Kf1 b6 43. Qh6 Kf7 44. Qh7+ Bg7 45. f4 Re3 46. f5
Kf8 47. Qg6 Re4 48. Kg2 Re2+ 49. Kf3 Re1 50. h4 Be5 51. h5 Ra1 52. Qh6+ Kf7 53.
Qe6+ Kf8 54. h6 Rf1+ 55. Kg2 Rf4 56. h7 Rh4 57. Qg8+ Ke7 58. Qg5+ Bf6 59. Qxh4
Bxh4 60. h8=Q 1-0

[Event "USCL Week 8"]
[Site "Internet Chess Club"]
[Date "2011.10.17"]
[Round "?"]
[White "Pruess, David"]
[Black "Adelberg, David"]
[Result "1-0"]
[WhiteElo "2414"]
[BlackElo "2354"]
[PlyCount "81"]
[EventDate "2011.??.??"]

1. c4 Nf6 2. Nc3 c5 3. g3 e6 4. Nf3 b6 5. Bg2 Bb7 6. O-O Be7 7. d4 cxd4 8. Qxd4
d6 9. Rd1 a6 10. Be3 Nbd7 11. Ng5 Bxg2 12. Kxg2 Rc8 13. Rac1 O-O 14. Nge4 Rc6
15. f3 Qc7 16. b3 Rc8 17. Qd3 Ne5 18. Qb1 Nxe4 19. Nxe4 b5 20. cxb5 axb5 21.
Rxc6 Qxc6 22. Rc1 Qa8 23. Rxc8+ Qxc8 24. a4 bxa4 25. bxa4 Nc4 26. Bf2 d5 27.
Nc3 Bf6 28. Qb4 h5 29. Nb5 Bg5 30. Qc5 Qa6 31. Qa7 Qc6 32. Qc5 Qa6 33. Qa7 Qc6
34. Nd4 Qd6 35. a5 Qb4 36. a6 Be3 37. Qb7 Qd2 38. a7 Bxf2 39. a8=Q+ Kh7 40.
Qxf7 Ne3+ 41. Kh3 1-0

[Event "USCL Week 8"]
[Site "Internet Chess Club"]
[Date "2011.10.17"]
[Round "?"]
[White "Amanov, Zhanibek"]
[Black "Mikhailuk, Slava"]
[Result "1-0"]
[WhiteElo "2472"]
[BlackElo "2415"]
[PlyCount "95"]
[EventDate "2011.??.??"]

1. e4 c5 2. Nf3 Nc6 3. d4 cxd4 4. Nxd4 Nf6 5. Nc3 d6 6. Bc4 Qb6 7. Nb3 e6 8.
O-O a6 9. Be3 Qc7 10. f4 Be7 11. Bd3 O-O 12. Qf3 b5 13. Qh3 e5 14. f5 Nb4 15.
g4 d5 16. g5 d4 17. gxf6 Bxf6 18. a3 Nxd3 19. Nd5 Qd8 20. Bd2 Nf4 21. Rxf4 exf4
22. Ba5 Qe8 23. Nxf6+ gxf6 24. Re1 Kh8 25. Qh6 Rg8+ 26. Kf2 Qf8 27. Qxf6+ Qg7
28. Qxg7+ Rxg7 29. Bb6 Kg8 30. Bxd4 Rg4 31. Bf6 Bb7 32. Nc5 Bc6 33. Nd3 h5 34.
h3 Rg7 35. Bxg7 Kxg7 36. Nxf4 Kf6 37. Nd3 Rg8 38. Kf3 h4 39. Kf4 Rg3 40. Re3
Rg2 41. c3 a5 42. Ne5 Bb7 43. b3 Rf2+ 44. Rf3 Ra2 45. c4 Rxa3 46. cxb5 Ra1 47.
Nd7+ Ke7 48. Nc5 1-0

[Event "USCL Week 8"]
[Site "Internet Chess Club"]
[Date "2011.10.17"]
[Round "?"]
[White "Banawa, Joel"]
[Black "Zilberstein, Dmitry"]
[Result "1-0"]
[WhiteElo "2456"]
[BlackElo "2461"]
[PlyCount "85"]
[EventDate "2011.??.??"]

1. c4 e6 2. d4 d5 3. Nf3 Nf6 4. Nc3 Be7 5. Bg5 Nbd7 6. e3 c6 7. Rc1 O-O 8. Bd3
dxc4 9. Bxc4 Nd5 10. Bxe7 Qxe7 11. O-O Nxc3 12. Rxc3 e5 13. Bb3 exd4 14. exd4
Nf6 15. Re1 Qd6 16. Ne5 Rb8 17. Rg3 Be6 18. Bc2 Rbd8 19. Qc1 Ne8 20. Qg5 f5 21.
Nd3 f4 22. Rf3 h6 23. Qe5 Qxe5 24. dxe5 g5 25. Nc5 Nc7 26. Nxb7 Rb8 27. Nc5
Rxb2 28. Nxe6 Nxe6 29. Bb3 Kf7 30. Rd3 Ke7 31. Rd6 Nc5 32. Rxc6 Nxb3 33. axb3
Rxb3 34. Rxh6 Rb5 35. e6 Rfb8 36. Rh7+ Ke8 37. e7 Re5 38. Rd1 Rd5 39. Ra1 Ra5
40. Rf1 Rb6 41. h4 Re6 42. Rb1 Rb6 43. Rd1 1-0

[Event "USCL Week 8"]
[Site "Internet Chess Club"]
[Date "2011.10.17"]
[Round "?"]
[White "Naroditsky, Daniel"]
[Black "Molner, Mackenzie"]
[Result "0-1"]
[WhiteElo "2516"]
[BlackElo "2482"]
[PlyCount "118"]
[EventDate "2011.??.??"]

1. e4 c5 2. Nf3 d6 3. d4 cxd4 4. Nxd4 Nf6 5. Nc3 a6 6. Bg5 Nbd7 7. f4 Qc7 8.
Qf3 h6 9. Bxf6 Nxf6 10. f5 Qc5 11. O-O-O g5 12. e5 dxe5 13. Ndb5 e4 14. Nxe4
Nxe4 15. Qxe4 Bg7 16. Rd5 Qb6 17. f6 Bxf6 18. Rd6 Qc5 19. Rxf6 axb5 20. b4 Ra4
21. a3 Bd7 22. Rf3 Bc6 23. Qe1 Qd4 24. c3 Qd6 25. Rd3 Qf4+ 26. Kb2 O-O 27. Rd4
Qf6 28. Bd3 Bxg2 29. Rg1 e5 30. Rg4 Bf3 31. R4g3 e4 32. Bxb5 Raa8 33. Qe3 Kh8
34. Be2 Bxe2 35. Qxe2 Qa6 36. c4 f5 37. Rh3 Kg7 38. Rc3 Qf6 39. Kc2 Rae8 40. h4
g4 41. h5 Rd8 42. c5 Rd4 43. Qb5 Qf7 44. Kb2 Rd2+ 45. Rc2 Rxc2+ 46. Kxc2 Qa2+
47. Kc3 Qxa3+ 48. Kc2 Qa2+ 49. Kc3 Qa3+ 50. Kc2 Qd3+ 51. Qxd3 exd3+ 52. Kxd3
Kf6 53. Ke3 Kg5 54. Rd1 f4+ 55. Kf2 Ra8 56. Rd2 g3+ 57. Kf3 Ra3+ 58. Ke4 Re3+
59. Kd4 Re8 0-1

[Event "USCL Week 8"]
[Site "Internet Chess Club"]
[Date "2011.10.17"]
[Round "?"]
[White "Atoufi, Pedram"]
[Black "Liou, Yian"]
[Result "0-1"]
[WhiteElo "2326"]
[BlackElo "2365"]
[PlyCount "142"]
[EventDate "2011.??.??"]

1. e4 c5 2. Nf3 e6 3. d4 cxd4 4. Nxd4 a6 5. Nc3 b5 6. Bd3 d6 7. O-O Bb7 8. Re1
Nf6 9. a4 b4 10. Nd5 Be7 11. Nxe7 Qxe7 12. Nf5 exf5 13. exf5 Ne4 14. f6 Qe6 15.
fxg7 Rg8 16. Bxe4 Bxe4 17. f3 d5 18. fxe4 dxe4 19. Qd4 f5 20. Qxb4 Rxg7 21. Qd4
Raa7 22. Bf4 Nc6 23. Qc5 Rad7 24. Rad1 Rxd1 25. Rxd1 Rd7 26. Rxd7 Qxd7 27. Bd6
Nd8 28. Qd5 Qg7 29. Be5 Qg5 30. Kf2 Qc1 31. Qg8+ Kd7 32. Qg7+ Ke8 33. Qh8+ Kd7
34. Qg7+ Ke8 35. Bf6 Qxc2+ 36. Kg3 Qb3+ 37. Kh4 Nf7 38. Qg8+ Kd7 39. Qa8 Qe6
40. Qb7+ Ke8 41. Qb8+ Kd7 42. Qa7+ Ke8 43. Bg7 e3 44. Qb8+ Kd7 45. Qb7+ Ke8 46.
Qb8+ Nd8 47. Qe5 e2 48. Qxe6+ Nxe6 49. Bc3 Nf4 50. Kg5 Nxg2 51. Kxf5 e1=Q 52.
Bxe1 Nxe1 53. Ke4 Kd7 54. Kd5 Nd3 55. b3 Kc7 56. a5 h5 57. Kd4 Ne1 58. Ke3 Kc6
59. Kf2 Nd3+ 60. Kg3 Ne5 61. Kf4 Nf7 62. Kf5 Kb5 63. Kg6 Nh8+ 64. Kxh5 Kxa5 65.
Kh6 Nf7+ 66. Kg6 Ne5+ 67. Kf5 Nf3 68. h3 Kb4 69. Kf4 Kxb3 70. Kxf3 a5 71. Ke3
a4 0-1

[Event "USCL Week 8"]
[Site "Internet Chess Club"]
[Date "2011.10.17"]
[Round "?"]
[White "Mosiyenko, Daniil"]
[Black "Jones, Craig"]
[Result "1/2-1/2"]
[WhiteElo "2132"]
[BlackElo "2305"]
[PlyCount "142"]
[EventDate "2011.??.??"]

1. e4 c5 2. c3 Nc6 3. Nf3 d5 4. exd5 Qxd5 5. d4 Bg4 6. Be2 cxd4 7. cxd4 e6 8.
Nc3 Bb4 9. O-O Qd6 10. Nb5 Qd7 11. Bf4 Rc8 12. d5 exd5 13. Ne5 Nxe5 14. Bxe5
Bxe2 15. Qxe2 Ne7 16. a3 a6 17. Nc7+ Rxc7 18. Bxc7 Qxc7 19. axb4 O-O 20. b5
axb5 21. Rfe1 Nc6 22. Ra8 g6 23. Rxf8+ Kxf8 24. Qxb5 d4 25. Qc5+ Kg7 26. b4 Qf4
27. b5 Nd8 28. g3 Qf6 29. Qe7 Qb6 30. Qe5+ Kh6 31. Re4 f6 32. Qe7 d3 33. g4 Ne6
34. Qxf6 d2 35. g5+ Kh5 36. Qf3+ Kxg5 37. Rg4+ Kh6 38. Rh4+ Kg7 39. Qc3+ Kg8
40. Qxd2 Qxb5 41. Re4 Qf5 42. Qe3 Ng5 43. Qb3+ Kf8 44. Qb4+ Kg7 45. Re7+ Nf7
46. Rxb7 Qg5+ 47. Kf1 Qc1+ 48. Ke2 Qc2+ 49. Ke3 Qc1+ 50. Kd3 Qf1+ 51. Kc3 Qxf2
52. Qd4+ Qxd4+ 53. Kxd4 Kf6 54. Kd5 g5 55. Rb6+ Kf5 56. Rb1 h5 57. Rf1+ Kg6 58.
Ke6 Nh6 59. Rf8 g4 60. Ke5 Kg5 61. Ke4 h4 62. Rf1 h3 63. Ra1 g3 64. hxg3 Kg4
65. Ra6 h2 66. Rxh6 Kxg3 67. Ke3 Kg2 68. Rg6+ Kh1 69. Ra6 Kg2 70. Ra2+ Kg1 71.
Rxh2 Kxh2 1/2-1/2

[Event "USCL Week 8"]
[Site "Internet Chess Club"]
[Date "2011.10.19"]
[Round "?"]
[White "Kapengut, Albert"]
[Black "Vigorito, David"]
[Result "1/2-1/2"]
[WhiteElo "2374"]
[BlackElo "2547"]
[PlyCount "52"]
[EventDate "2011.??.??"]

1. e4 c5 2. Nf3 d6 3. d4 cxd4 4. Nxd4 Nf6 5. Nc3 a6 6. f4 e5 7. Nf3 Nbd7 8. Bd3
b5 9. O-O Be7 10. Qe1 O-O 11. fxe5 dxe5 12. Bg5 Bb7 13. Rd1 b4 14. Bxf6 Nxf6
15. Nd5 Nxd5 16. exd5 Bd6 17. Nxe5 Re8 18. Qf2 Bxe5 19. Qxf7+ Kh8 20. Qxb7 Qh4
21. g3 Bxg3 22. hxg3 Qxg3+ 23. Kh1 Qh3+ 24. Kg1 Qg3+ 25. Kh1 Qh3+ 26. Kg1 Qg3+
1/2-1/2

[Event "USCL Week 8"]
[Site "Internet Chess Club"]
[Date "2011.10.19"]
[Round "?"]
[White "Rodriguez, Eric"]
[Black "Karlow, Nick"]
[Result "1-0"]
[WhiteElo "2397"]
[BlackElo "2068"]
[PlyCount "67"]
[EventDate "2011.??.??"]

1. e4 c5 2. Nc3 Nc6 3. f4 e6 4. Nf3 a6 5. d4 cxd4 6. Nxd4 d6 7. Be3 Nf6 8. Qf3
Be7 9. O-O-O Qc7 10. g4 Nxd4 11. Bxd4 e5 12. fxe5 dxe5 13. Qg3 Bd6 14. Be3 O-O
15. Be2 Bc5 16. Bxc5 Qxc5 17. g5 Nd7 18. Rd5 Qc7 19. Rhd1 b5 20. Qe3 Re8 21.
Rd6 Qc5 22. Qxc5 Nxc5 23. R1d5 Nb7 24. Rb6 Na5 25. b4 Nb7 26. a4 bxa4 27. Bxa6
a3 28. Bxb7 Bxb7 29. Rxb7 a2 30. Nxa2 Rxa2 31. Rxe5 Kf8 32. Rf5 Rc8 33. Rfxf7+
Ke8 34. Rfc7 1-0

[Event "USCL Week 8"]
[Site "Internet Chess Club"]
[Date "2011.10.19"]
[Round "?"]
[White "Kaufman, Larry"]
[Black "Schneider, Dmitry"]
[Result "0-1"]
[WhiteElo "2467"]
[BlackElo "2522"]
[PlyCount "74"]
[EventDate "2011.??.??"]

1. d4 d5 2. c4 e6 3. Nc3 c5 4. cxd5 exd5 5. Nf3 Nc6 6. g3 Nf6 7. Bg2 Be7 8. O-O
O-O 9. dxc5 d4 10. Na4 Bf5 11. Bf4 Be4 12. Rc1 h6 13. a3 Qd5 14. b4 Rad8 15.
Nb2 g5 16. Bd2 Ne5 17. Ne1 Bxg2 18. Nxg2 Qe6 19. Nd3 Nxd3 20. exd3 Qh3 21. f3
Nd5 22. Re1 Bf6 23. b5 Nc3 24. Bxc3 dxc3 25. c6 bxc6 26. bxc6 Bd4+ 27. Kh1 Bf2
28. Re4 Rxd3 29. Qxd3 Bxg3 30. Kg1 Qxh2+ 31. Kf1 Qh1+ 32. Ke2 Qxc1 33. f4 Qb2+
34. Kf3 Qf2+ 35. Kg4 Qxg2 36. Kf5 Qh3+ 37. Kf6 gxf4 0-1

[Event "USCL Week 8"]
[Site "Internet Chess Club"]
[Date "2011.10.19"]
[Round "?"]
[White "Zaremba, Andrei"]
[Black "Enkhbat, Tegshsuren"]
[Result "1-0"]
[WhiteElo "2417"]
[BlackElo "2426"]
[PlyCount "91"]
[EventDate "2011.??.??"]

1. e4 c6 2. Nf3 d5 3. Nc3 Bg4 4. h3 Bxf3 5. Qxf3 Nf6 6. d3 e6 7. g4 Bb4 8. Bd2
d4 9. Nb1 Qb6 10. c3 dxc3 11. Nxc3 c5 12. g5 Nfd7 13. Bg2 Nc6 14. O-O Nd4 15.
Qd1 O-O 16. Rb1 Ba5 17. f4 Rfd8 18. Be3 Nf8 19. Ne2 Qd6 20. Bxd4 cxd4 21. e5
Qd7 22. b4 Bb6 23. a4 Rab8 24. Be4 Ng6 25. Ng3 Ne7 26. a5 Bc7 27. Rc1 Nf5 28.
Qf3 Nxg3 29. Qxg3 Re8 30. Rc4 Bd8 31. Rfc1 Be7 32. a6 bxa6 33. Bc6 Qd8 34. Bxe8
Qxe8 35. Qe1 Qf8 36. Qe4 g6 37. Qxd4 Bxb4 38. Qxa7 Rd8 39. Qxa6 Bd2 40. R1c2
Be3+ 41. Kg2 Kg7 42. Rc7 Qe8 43. Kf3 Bd4 44. Qb7 Bg1 45. Re7 Rxd3+ 46. Kg2 1-0

[Event "USCL Week 8"]
[Site "Internet Chess Club"]
[Date "2011.10.19"]
[Round "?"]
[White "Matlin, Anna"]
[Black "Fikiet, Alex"]
[Result "0-1"]
[WhiteElo "2082"]
[BlackElo "2255"]
[PlyCount "112"]
[EventDate "2011.??.??"]

1. d4 Nf6 2. c4 e5 3. dxe5 Ng4 4. Bf4 g5 5. Bg3 Bg7 6. Nf3 Nc6 7. Nc3 Ngxe5 8.
Nxe5 Nxe5 9. e3 d6 10. c5 Be6 11. cxd6 cxd6 12. Be2 O-O 13. O-O f5 14. Qd2 Qe7
15. Rfd1 Rad8 16. Nd5 Qf7 17. Rac1 Rc8 18. Rxc8 Rxc8 19. f4 gxf4 20. Nxf4 Bxa2
21. Qxd6 Nc6 22. Qd7 Rd8 23. Qxf7+ Bxf7 24. Rxd8+ Nxd8 25. b4 Nc6 26. b5 Ne5
27. Nh5 Bh8 28. Bh4 Bc4 29. Bxc4+ Nxc4 30. Be7 Kf7 31. Bb4 Ke6 32. Nf4+ Kd7 33.
Kf2 Nd6 34. b6 a6 35. Nd5 Nc4 36. Kf3 a5 37. Bc3 Bxc3 38. Nxc3 Nxb6 39. e4
fxe4+ 40. Kxe4 Kc6 41. Kd4 Nc8 42. Kc4 Nd6+ 43. Kb3 b5 44. g4 b4 45. Ne2 Kd5
46. h4 Ke4 47. g5 Kf3 48. Nd4+ Kg4 49. Ne6 Kxh4 50. Nf8 Kxg5 51. Nxh7+ Kf5 52.
Nf8 Nb7 53. Nd7 Ke6 54. Nb8 Nc5+ 55. Kc4 Kd6 56. Kd4 Kc7 0-1

[Event "USCL Week 8"]
[Site "Internet Chess Club"]
[Date "2011.10.19"]
[Round "?"]
[White "Yang, Charles"]
[Black "Prilleltensky, Matan"]
[Result "1/2-1/2"]
[WhiteElo "2046"]
[BlackElo "2186"]
[PlyCount "94"]
[EventDate "2011.??.??"]

1. d4 Nf6 2. c4 g6 3. Nc3 Bg7 4. e4 d6 5. Be2 O-O 6. Bg5 h6 7. Be3 c5 8. d5 e6
9. Qd2 exd5 10. exd5 Kh7 11. h4 h5 12. Nh3 Re8 13. f3 Na6 14. Nf2 Rxe3 15. Qxe3
Nb4 16. Bd3 Bh6 17. Qe2 Nxd3+ 18. Qxd3 Bf5 19. Nfe4 Bf4 20. Kf2 Nd7 21. Ne2 Ne5
22. Qc2 Bh6 23. N2g3 Bxe4 24. Qxe4 Qb6 25. b3 Re8 26. Nxh5 f5 27. Qc2 gxh5 28.
Qxf5+ Kg7 29. Qxh5 Rf8 30. Rh3 Qa5 31. Rg3+ Kh7 32. Kg1 Qc3 33. Rf1 Qe3+ 34.
Kh1 Qe2 35. Rg1 Qf2 36. Rg5 Rf4 37. g3 Rf6 38. Rxe5 dxe5 39. Qxe5 Qxf3+ 40. Kh2
Be3 41. Rg2 Rf5 42. Qb8 Rf7 43. Qe8 Rf8 44. Qa4 Bf2 45. Qd7+ Rf7 46. Qd6 Rg7
47. Qe5 Bxg3+ 1/2-1/2

[Event "USCL Week 8"]
[Site "Internet Chess Club"]
[Date "2011.10.19"]
[Round "?"]
[White "Becerra, Julio"]
[Black "Banawa, Joaquin"]
[Result "1-0"]
[WhiteElo "2640"]
[BlackElo "2366"]
[PlyCount "87"]
[EventDate "2011.??.??"]

1. e4 c5 2. Nf3 d6 3. d4 cxd4 4. Nxd4 Nf6 5. Nc3 a6 6. Be3 e5 7. Nb3 Be6 8. f3
Be7 9. Qd2 O-O 10. O-O-O Nbd7 11. g4 Rc8 12. g5 Nh5 13. Kb1 Qc7 14. Rg1 g6 15.
h4 b5 16. Qf2 Bd8 17. Nd5 Bxd5 18. Rxd5 Nb6 19. Rd3 Nc4 20. Bh3 Rb8 21. Bc1 Qc6
22. Rgd1 Bb6 23. Qh2 a5 24. Bg4 a4 25. Bxh5 gxh5 26. Nd2 Ne3 27. Nf1 Nxd1 28.
Rxd1 Rfd8 29. Ng3 b4 30. Nf5 Qc7 31. b3 Ra8 32. Bb2 Bc5 33. f4 Re8 34. Rd5 a3
35. Ba1 Rad8 36. Qd2 Kf8 37. Kc1 Rc8 38. fxe5 dxe5 39. g6 Be3 40. Nxe3 hxg6 41.
Nc4 Rcd8 42. Bxe5 Rxd5 43. Qh6+ Ke7 44. Bxc7 1-0

[Event "USCL Week 8"]
[Site "Internet Chess Club"]
[Date "2011.10.19"]
[Round "?"]
[White "Cherniack, Alex"]
[Black "Ng, Andrew"]
[Result "0-1"]
[WhiteElo "2319"]
[BlackElo "2263"]
[PlyCount "142"]
[EventDate "2011.??.??"]

1. e4 c5 2. Nf3 d6 3. d4 cxd4 4. Qxd4 Nc6 5. Bb5 Bd7 6. Bxc6 Bxc6 7. Nc3 Nf6 8.
Bg5 e6 9. Qd3 Be7 10. Nd4 Qa5 11. Bd2 Qb6 12. O-O O-O 13. Be3 Qc7 14. Ndb5 Qa5
15. f3 h6 16. a3 a6 17. Nd4 Qc7 18. Rac1 Rfd8 19. Rfe1 Rac8 20. Kh1 b5 21. Bg1
Bb7 22. Qe3 Bf8 23. Nd1 Re8 24. Nf2 e5 25. Nb3 d5 26. Qd2 dxe4 27. Nxe4 Nxe4
28. fxe4 Red8 29. Qe3 Be7 30. Qb6 Qxb6 31. Bxb6 Rd7 32. c3 Ba8 33. Re2 Rc6 34.
Bf2 h5 35. Kg1 h4 36. Rce1 Rg6 37. Nc5 Rd8 38. Be3 Bxc5 39. Bxc5 Rc8 40. Ba7
Rc4 41. Bf2 f5 42. Bxh4 Bxe4 43. g3 Bd3 44. Re3 e4 45. Kf2 Rc5 46. Rd1 Rh6 47.
Kg2 f4 48. Rexd3 exd3 49. Be7 Re5 50. Bb4 fxg3 51. hxg3 Re2+ 52. Kf3 Rf6+ 53.
Kg4 d2 54. c4 bxc4 55. Rxd2 Rxd2 56. Bxd2 Kf7 57. Bc3 Rf1 58. Kg5 g6 59. g4 Rd1
60. Bh8 Rd5+ 61. Kh6 Rd3 62. Kg5 Rg3 63. Kf4 Rg2 64. Kf3 Rg1 65. Bd4 Rd1 66.
Ke4 Ke6 67. Bc3 g5 68. Bd4 Rd2 69. Bg7 Rd3 70. Be5 Rd2 71. Bc3 Rf2 0-1

[Event "USCL Week 8"]
[Site "Internet Chess Club"]
[Date "2011.10.19"]
[Round "?"]
[White "Gurevich, Dmitry"]
[Black "Holt, Conrad"]
[Result "1/2-1/2"]
[WhiteElo "2547"]
[BlackElo "2520"]
[PlyCount "76"]
[EventDate "2011.??.??"]

1. Nf3 d5 2. c4 c6 3. e3 Bg4 4. Qb3 Qc7 5. Ne5 Be6 6. d4 Nd7 7. Nxd7 Qxd7 8.
cxd5 Bxd5 9. Qc2 f5 10. Nc3 Nf6 11. Bd2 Ne4 12. Rc1 Nxd2 13. Qxd2 Bf7 14. Be2
g6 15. Na4 e5 16. Nc5 Bxc5 17. Rxc5 O-O 18. Rxe5 Bxa2 19. Qb4 Bd5 20. Bc4 Bxc4
21. Qxc4+ Qf7 22. Qxf7+ Kxf7 23. Kd2 b6 24. Rc1 Rac8 25. b4 Rfe8 26. Rxe8 Kxe8
27. Ra1 Ra8 28. Ra6 Kd7 29. f3 Kc7 30. e4 Kb7 31. Ra1 fxe4 32. fxe4 a5 33. bxa5
bxa5 34. Kc3 Kb6 35. e5 Rf8 36. e6 Re8 37. Re1 Kc7 38. Re5 Kd6 1/2-1/2

[Event "USCL Week 8"]
[Site "Internet Chess Club"]
[Date "2011.10.19"]
[Round "?"]
[White "Hua, Margaret"]
[Black "Rosenthal, Nicholas"]
[Result "1-0"]
[WhiteElo "1981"]
[BlackElo "2062"]
[PlyCount "119"]
[EventDate "2011.??.??"]

1. e4 e6 2. d4 d5 3. exd5 exd5 4. Nf3 Bd6 5. c4 c6 6. Nc3 Ne7 7. Bd3 Bg4 8. O-O
dxc4 9. Bxc4 Qa5 10. Ne4 Qc7 11. Nxd6+ Qxd6 12. Bxf7+ Kd8 13. Qb3 Nd7 14. Ne5
Nxe5 15. dxe5 Qc7 16. f3 Bf5 17. Bg5 Rf8 18. Rad1+ Kc8 19. Be6+ Kb8 20. Rd7
Bxe6 21. Qxe6 Qb6+ 22. Kh1 Nc8 23. Be7 Re8 24. Bd6+ Nxd6 25. Qxd6+ Kc8 26. Rd1
c5 27. Rxg7 Qxd6 28. exd6 Kb8 29. Rxh7 a5 30. g4 Ra6 31. g5 Rg8 32. h4 c4 33.
Re7 Rd8 34. g6 Rb6 35. Rd2 a4 36. g7 a3 37. Ree2 axb2 38. Rxb2 Rbxd6 39. Rbc2
Rg8 40. Re7 Rd4 41. Re4 Rxe4 42. fxe4 Rxg7 43. Rxc4 Rg4 44. a4 Rxh4+ 45. Kg2
Ka7 46. Kg3 Rh6 47. Kf4 Rh5 48. Ke3 Ka6 49. Kd4 Kb6 50. e5 Rh4+ 51. Kd5 Rh1 52.
Ke6 Re1 53. Kd6 Rd1+ 54. Ke7 Re1 55. e6 Rf1 56. Kd7 Rd1+ 57. Ke8 Re1 58. e7 Rd1
59. Rf4 Kc7 60. Kf8 1-0